000 00775nam a2200253Ia 4500
003 OSt
005 20220926011348.0
006 a|||||r|||| 00| 0
007 ta
008 220923b |||||||| |||| 00| 0 eng d
020 _a0691075743
037 _cGeneral Book
040 _aRTL
_cRTL
_beng
041 _2eng
_aeng
082 _aV73:3(Q6), L6
100 _aSorauf Frank J
245 0 _aThe Wall of separation
_b The constitutional politics of Church and State
260 _aNew Jersey
_bPrinceton University Press USA
_c1976
300 _axiii, 394p
_ccm.
500 _aAppendix: P 371-85; Index:P387-94
650 _aConstitution United States
_9240337
942 _hV73:3(Q6), L6
_cGB
_2CC
999 _c619874
_d619874